[Event "HUN-ch Rapid 2020"]
[Site "Ajka"]
[Date "2020.07.19"]
[Round "12.2"]
[White "Banusz, Tamas"]
[Black "Mihok, Oliver"]
[Result "1-0"]
[WhiteElo "2628"]
[BlackElo "2552"]
[Annotator "TA"]
[PlyCount "39"]
[EventDate "2020.07.17"]
[EventType "rapid"]
[EventCountry "HUN"]
[SourceTitle "playchess.com"]
[Source "ChessBase"]
[SourceQuality "1"]

{[%evp 9,39,21,34,0,0,0,8,7,-5,0,-10,5,110,120,143,126,336,329,290,302,343,326,339,335,418,333,612,532,1265,1256,1131,1093]} 1. d4 Nf6 2. Nf3 c5 3. d5 b5 4. c3 Qb6 5. a4 {[%cal Ba2a4,Ba4a5][%mdl 32]} b4 {[#]} 6. a5 $146 {A43: Schmid Benoni.} ({Predecessor:} 6. c4 g6 7. Nbd2 Bg7 8. e4 d6 9. Bd3 O-O 10. O-O e6 11. dxe6 Bxe6 12. Ra2 {0-1 (36) Houska,J (2402)-Gelfand,B (2701) Douglas 2018}) 6... Qd6 7. c4 e6 8. Nbd2 {[%cal Bb1d2,Bd2e4,Be4g3][%mdl 32] The position is equal.} exd5 9. cxd5 Qxd5 {[#]} 10. e4 $1 {[%mdl 512]} Qh5 (10... Qe6 $1 $11 {remains equal.}) (10... Nxe4 11. Bc4) 11. e5 $36 {[%mdl 3072] White has strong compensation. White has strong initiative.} Nd5 12. Ne4 Bb7 $2 {Now Black is done in.} (12... Nc7 $16 {was necessary.}) 13. a6 $18 Bc6 14. Ng3 Qg4 15. h3 Qe6 16. Bc4 Be7 {intending ...d6.} 17. O-O d6 $2 (17... Ne3) 18. Re1 {aiming for exd6.White is clearly winning.} Nd7 {[%cal Rd7e5]} 19. exd6 {[%mdl 64] [#] Overworked Piece} Qxd6 20. Nf5 {[%mdl 64] Double Attack. Accuracy: White = 92%, Black = 22%.} 1-0

[Event "HUN-ch Rapid 2020"]
[Site "Ajka"]
[Date "2020.07.19"]
[Round "12.3"]
[White "Aczel, Gergely"]
[Black "Kantor, Gergely"]
[Result "1/2-1/2"]
[WhiteElo "2511"]
[BlackElo "2530"]
[Annotator "TA"]
[PlyCount "38"]
[EventDate "2020.07.17"]
[EventType "rapid"]
[EventCountry "HUN"]
[SourceTitle "playchess.com"]
[Source "ChessBase"]
[SourceQuality "1"]

{[%evp 21,23,16,6,0]} 1. d4 Nf6 2. c4 e6 3. Nc3 Bb4 4. e3 O-O 5. Bd3 d5 6. Nf3 b6 7. O-O Bb7 8. cxd5 exd5 9. a3 Bd6 10. b4 a6 11. Bb2 Nbd7 12. Qb3 {[#] An uneventful encounter. E52: Nimzo-Indian: Rubinstein: 4...0-0 5 Nf3 d5 6 Bd3 b6.} {Predecessor:} b5 $146 13. a4 c6 14. Rfe1 Re8 15. a5 Ne4 16. Rad1 f5 17. g3 Qf6 18. Na2 g5 19. Qc2 Re6 {½-½ (32) Le,Q (2718)-Vallejo Pons,F (2711) Almaty 2016} 1/2-1/2

[Event "HUN-ch Rapid 2020"]
[Site "Ajka"]
[Date "2020.07.19"]
[Round "12.4"]
[White "Kozak, Adam"]
[Black "Horvath, Adam"]
[Result "1-0"]
[WhiteElo "2503"]
[BlackElo "2488"]
[Annotator "TA"]
[PlyCount "65"]
[EventDate "2020.07.17"]
[EventType "rapid"]
[EventCountry "HUN"]
[SourceTitle "playchess.com"]
[Source "ChessBase"]
[SourceQuality "1"]

{[%evp 12,65,18,7,10,13,21,17,13,0,21,10,19,22,24,12,29,8,100,100,107,110,99,-49,-48,-66,-35,-62,-46,-104,-66,-67,-56,-87,95,81,197,188,597,598,768,766,743,718,817,801,1039,1042,1525,1233,1730,1618,1592,1575,1494,1246]} 1. Nf3 c5 2. c4 Nc6 3. g3 g6 4. Bg2 Bg7 5. Nc3 d6 6. O-O e6 {6...e6 is the recent fashion. Played by Peter Svidler in June 2020.} 7. a3 Nge7 {A37: Symmetrical English vs ...g6: 4 Bg2 Bg7 5 Nf3.} 8. b4 b6 {is the legacy move (8...0-0).} 9. Rb1 O-O {The position is equal.} 10. Qb3 Bb7 11. Bb2 Qd7 12. e3 Rac8 13. Rfd1 e5 {[#]} 14. Ne2 $146 ({Predecessor:} 14. d3 h6 15. Nd5 Nxd5 16. cxd5 Ne7 17. e4 Kh7 18. bxc5 bxc5 19. Bc3 Ba6 20. Qc2 {½-½ (43) Krockenberger,M (2152)-Zhukova,N (2482) Caleta 2015}) 14... f5 (14... Rce8 $11 {remains equal.}) 15. d4 $1 $16 {[%cal Rd4e5]} cxd4 16. exd4 e4 {[#]} 17. Nd2 (17. d5 $1 $16 {[%cal Rd5c6]} exf3 18. dxc6 Bxc6 19. c5+ Rf7 20. Rxd6) 17... d5 $15 18. c5 Nd8 (18... Ba6 $5 {[%cal Ra6e2]} 19. Nf4 (19. b5 Na5 $17) 19... g5 $17) 19. a4 Ne6 20. f4 (20. Qa3 $15) 20... bxc5 21. dxc5 d4 {Strongly threatening ...Bd5.} 22. Nc4 d3 $2 (22... Rcd8 $17 {keeps the pressure on.}) 23. Bxg7 $16 Kxg7 {[#]} (23... Nxg7 $16 24. Nb6+ {[%mdl 64] Double Attack} Bd5 25. Nxd5 (25. Nxd7 Bxb3 26. Rxb3 dxe2 $11) 25... Qxd5 26. Rxd3 Qxb3 27. Rdxb3 Ne6) 24. Ne5 $1 $18 {[%cal Re5d7]} Qd5 $2 (24... Bd5 {is tougher.} 25. Qb2 (25. Nxd7 Bxb3 26. Nxf8 Nxc5 $14) 25... Qb7) 25. Qb2 {White is clearly winning.} ({Weaker is} 25. Rxd3 Qxb3 26. Rdxb3 Rfd8 $14) 25... Rfd8 {[#]} 26. Rxd3 $1 {[%mdl 512]} exd3 27. Bxd5 Rxd5 28. Nc3 Rdd8 29. Nb5 d2 30. Rd1 Be4 31. Nc6+ Kf7 32. Nxd8+ Rxd8 33. Rxd2 {Accuracy: White = 85%, Black = 35%.} 1-0

[Event "HUN-ch Rapid 2020"]
[Site "Ajka"]
[Date "2020.07.19"]
[Round "12.5"]
[White "Mester, Gyula"]
[Black "Kaczur, Florian"]
[Result "0-1"]
[WhiteElo "2341"]
[BlackElo "2507"]
[Annotator "TA"]
[PlyCount "74"]
[EventDate "2020.07.17"]
[EventType "rapid"]
[EventCountry "HUN"]
[SourceTitle "playchess.com"]
[Source "ChessBase"]
[SourceQuality "1"]

{[%evp 9,74,6,6,0,-8,-6,-29,-38,8,-26,-21,-54,-29,-100,-19,-85,-48,-64,-67,-112,-113,-119,0,-5,29,16,18,23,28,9,42,36,30,0,22,-41,-53,-137,-133,-172,-170,-233,-225,-308,-298,-304,-297,-313,-299,-307,-304,-291,-306,-805,-791,-1143,-1047,-1504,-1523,-2779,-2602,-2333,-2116,-1590,-1428,-29987,-29983]} 1. d4 Nf6 2. g3 d5 3. Bg2 c5 4. Nf3 cxd4 5. O-O h6 6. Nxd4 {D02: 1 d4 d5 2 Nf3 sidelines, including 2...Nf6 3 g3 and 2...Nf6 3 Bf4.} e5 7. Nf3 Nc6 8. c4 {Black has an edge.} d4 9. a3 Be6 {[#]} 10. b3 $146 ({Predecessor:} 10. Nbd2 e4 11. Ne1 e3 12. Ne4 exf2+ 13. Nxf2 Bxc4 14. b4 Bd5 15. b5 Bxg2 16. Nxg2 {0-1 (42) Balouka Myers,G (1855)-Nwachukwu,C (1946) England 2016}) 10... a5 {[%cal Ba7a5,Ba5a4][%mdl 32]} 11. Ne1 (11. e3 $11) 11... g5 (11... Bd6 $17) 12. Ra2 (12. Bb2 $11) 12... Bg7 13. Nd3 O-O 14. e4 {[#]} a4 $1 {[%mdl 512]} 15. Nd2 (15. bxa4 Bxc4) 15... Nd7 ({Better is} 15... axb3 $17 16. Qxb3 Na5) 16. b4 $1 $11 b5 17. Rc2 bxc4 18. Nxc4 Qe7 19. f4 f6 20. Bd2 Na7 $1 {[%cal Bc6a7,Ba7b5,Bb5c3][%mdl 32]} 21. Qa1 Nb5 22. Rfc1 (22. f5 $11 Bf7 23. Na5) 22... Nc3 $15 23. Bxc3 {Black continues to play with concentration.} (23. Rxc3 $15 dxc3 24. Rxc3) 23... Bxc4 $17 24. Bxd4 Bxd3 25. Rd2 (25. Rc7 $142) 25... Bb5 $19 ({Much less strong is} 25... exd4 26. Rxd3 Rfd8 27. Rxd4 $17) 26. Bc5 Nxc5 27. Rxc5 Qb7 28. Bh3 Rad8 29. Be6+ Kh8 30. Bd5 Qb6 31. Rdc2 $2 {[#]} (31. f5) 31... exf4 32. gxf4 f5 33. Qd1 fxe4 34. fxg5 Rf1+ 35. Qxf1 Bxf1 36. Kxf1 hxg5 37. Rc8 Qa6+ {[%mdl 64] Double Attack. Accuracy: White = 38%, Black = 69%.} 0-1

[Event "HUN-ch Rapid 2020"]
[Site "Ajka"]
[Date "2020.07.19"]
[Round "12.6"]
[White "Seres, Lajos"]
[Black "Balogh, Csaba"]
[Result "0-1"]
[WhiteElo "2418"]
[BlackElo "2580"]
[Annotator "TA"]
[PlyCount "54"]
[EventDate "2020.07.17"]
[EventType "rapid"]
[EventCountry "HUN"]
[SourceTitle "playchess.com"]
[Source "ChessBase"]
[SourceQuality "1"]

{[%evp 19,54,-1,0,0,0,-24,-7,-76,-85,-78,-54,-67,0,0,6,-8,22,22,15,15,18,21,108,108,120,104,104,100,121,82,82,82,74,0,28,-981,-935]} 1. d4 Nf6 2. g3 d5 3. Bg2 c6 4. Nf3 Bf5 5. O-O h6 6. b3 e6 7. Bb2 Be7 8. Nbd2 a5 9. c4 O-O 10. Ne5 Nbd7 11. Nxd7 {D11: Slav Defence: 3 Nf3 sidelines and 3...Nf6 4 e3 Bg4.} Qxd7 12. Re1 Rfd8 13. e4 (13. a3 $11) 13... dxe4 $17 14. Nxe4 Nxe4 15. Bxe4 {[#]} Bf6 $146 (15... Bxe4 $15 16. Rxe4 b5) ({Predecessor:} 15... Bxe4 16. Rxe4 Bf6 17. Qc2 Qc7 18. Rae1 Rd7 19. Bc3 Rad8 20. Qd2 b6 21. c5 Rd5 22. cxb6 Qxb6 {0-1 (55) Hausrath,D (2280)-Westerinen,H (2385) Muenster 1993}) 16. Bxf5 $11 exf5 17. Qc2 Bxd4 18. Rad1 $36 {[%mdl 2048] White fights for an advantage.} c5 19. Bxd4 cxd4 20. Re5 Qc7 (20... g6 $11 {remains equal.}) 21. Qxf5 $16 a4 22. Qe4 axb3 23. axb3 d3 24. Rd5 Rxd5 25. cxd5 d2 {[#] White must now prevent ...Qc1.} 26. Kf1 Qc1 $1 {[%cal Rc1d1]} 27. Qb1 $2 {[%mdl 8192]} (27. Ke2 $11) 27... Rc8 {Accuracy: White = 58%, Black = 69%.} 0-1

[Event "HUN-ch Rapid 2020"]
[Site "Ajka"]
[Date "2020.07.19"]
[Round "12.7"]
[White "Ruck, Robert"]
[Black "Balog, Imre"]
[Result "1-0"]
[WhiteElo "2540"]
[BlackElo "2567"]
[Annotator "TA"]
[PlyCount "80"]
[EventDate "2020.07.17"]
[EventType "rapid"]
[EventCountry "HUN"]
[SourceTitle "playchess.com"]
[Source "ChessBase"]
[SourceQuality "1"]

{[%evp 16,80,11,7,26,9,16,26,40,32,29,31,29,27,27,27,39,36,40,34,59,40,40,41,45,45,56,9,63,-5,23,20,21,14,57,54,100,84,183,89,79,50,45,52,43,37,44,0,0,0,0,0,0,0,0,0,0,0,0,0,0,0,0,0,0,0,16]} 1. Nf3 b6 2. g3 Bb7 3. Bg2 Nf6 4. c4 g6 5. Nc3 Bg7 6. O-O O-O 7. d4 Ne4 8. Nxe4 Bxe4 9. Be3 d5 {A50: Queen's Fianchetto Defence (1 d4 Nf6 2 c4 b6).} 10. Qa4 dxc4 11. Qxc4 Nc6 {White has an edge.} 12. Rac1 Rc8 13. Rfd1 Qd5 14. Qxd5 Bxd5 {[#]} 15. Ne1 $146 ({Predecessor:} 15. Ne5 Bxg2 16. Nxc6 Bxc6 17. Rxc6 Rfd8 18. Rdc1 Bxd4 19. Bxd4 Rxd4 20. Rxc7 Rd1+ 21. Rxd1 Rxc7 {0-1 (98) Malisauskas,V (2432)-Neiksans,A (2567) Liepaja 2018}) 15... Nb4 16. Bd2 Bxg2 17. Kxg2 Nd5 18. e4 Nf6 19. f3 Rfd8 20. Be3 Ne8 21. Rd2 Rd7 ({Black should try} 21... c5 $11) 22. d5 ({Better is} 22. e5 $14) 22... f5 23. Nd3 fxe4 24. fxe4 Nd6 25. Nf2 Kf7 26. Bf4 {e5 is the strong threat.} Nb7 {[#]} (26... e5 $16 {might work better.}) 27. Rdc2 (27. e5 $1 $18 {[%cal Re5e6] has better winning chances. Strongly threatening e6+.} Kg8 28. e6) 27... e6 $16 28. b3 {[%cal Bb2b3,Bb3b4][%mdl 32]} exd5 29. exd5 Nc5 30. b4 Na6 31. a3 Rxd5 {The position is equal.} 32. Bxc7 Bh6 33. Bf4 Rxc2 34. Rxc2 Bxf4 35. gxf4 $11 {[%mdl 4096] Endgame KRN-KRN} Rd7 36. Kf3 h5 37. Ke3 Nc7 38. Nd3 {[#] Hoping for Ne5+.} Nd5+ 39. Kf3 {And now Ne5+ would win.} Kf6 40. Ne5 Rd6 {[%mdl 32768] Accuracy: White = 75%, Black = 74%. . Loss on time!?} 1-0

[Event "HUN-ch Rapid 2020"]
[Site "Ajka"]
[Date "2020.07.19"]
[Round "12.8"]
[White "Papp, Gabor"]
[Black "Emodi, Barnabas"]
[Result "1/2-1/2"]
[WhiteElo "2602"]
[BlackElo "2352"]
[Annotator "TA"]
[PlyCount "65"]
[EventDate "2020.07.17"]
[EventType "rapid"]
[EventCountry "HUN"]
[SourceTitle "playchess.com"]
[Source "ChessBase"]
[SourceQuality "1"]

{[%evp 9,65,40,32,15,12,12,16,0,0,0,18,12,15,16,17,9,9,13,19,18,20,20,20,20,20,20,28,29,34,28,28,28,40,48,64,64,67,55,75,70,79,61,72,46,49,0,0,0,0,-1122,-1122,-2895,-2916,-2602,-2548,-2354,-2323,-1770]} 1. e4 c5 2. Nf3 d6 3. d4 cxd4 4. Nxd4 e5 5. Nf3 Nf6 6. Bg5 {B54: Sicilian: 2...d6 3 d4 cxd4 4 Nxd4, Unusual Lines .} (6. Bd3 {with more complications.} Be7 7. c4 O-O 8. O-O Nbd7 9. Nc3) 6... Be7 {[#]} 7. Bxf6 $146 ({Predecessor:} 7. Nbd2 Qa5 8. Bd3 Be6 9. O-O b5 10. Qe2 a6 11. Nb3 Qb6 12. Be3 Qc7 13. Ng5 {0-1 (47) Bastos,A (2021)-Silva,R (1952) Aracaju 2020}) 7... Bxf6 8. c4 {The position is equal.} O-O 9. Nc3 Nc6 10. Be2 Be6 11. O-O Rc8 12. Rc1 a6 13. Qd2 h6 14. Rfd1 Nd4 15. Nxd4 exd4 16. Nd5 Bxd5 17. cxd5 Qb6 {[#] Threatens to win with ...Bg5.} 18. Bd3 Rfe8 19. f4 g6 20. g3 Bg7 21. Kg2 a5 22. Rc2 Rxc2 23. Qxc2 a4 24. Rc1 Ra8 25. a3 Ra5 26. Qc8+ Kh7 27. Rc2 {aiming for Qc7.} Rc5 28. Rxc5 dxc5 29. Kh3 $2 {[%mdl 8192]} (29. d6 $11 Qxd6 30. Qe8 (30. Qxb7 Qe6 $14)) 29... Qb3 $19 {Black is clearly winning.} 30. Bf1 {[#]} Qf3 $1 {[%mdl 512]} 31. Bb5 d3 {( -> ...Qf1+)} 32. e5 d2 33. Bxa4 {[%mdl 32768] Accuracy: White = 81%, Black = 100%. . An unexpected result.} 1/2-1/2

[Event "HUN-ch Rapid 2020"]
[Site "Ajka"]
[Date "2020.07.19"]
[Round "12.9"]
[White "Antal, Gergely"]
[Black "Horvath, Jozsef"]
[Result "0-1"]
[WhiteElo "2571"]
[BlackElo "2438"]
[Annotator "TA"]
[PlyCount "82"]
[EventDate "2020.07.17"]
[EventType "rapid"]
[EventCountry "HUN"]
[SourceTitle "playchess.com"]
[Source "ChessBase"]
[SourceQuality "1"]

{[%evp 10,82,45,41,42,39,37,47,47,42,66,0,0,0,0,0,0,-1,16,0,19,-14,-16,-66,-58,-67,-68,-72,-74,-86,-76,-79,-79,-77,-83,-117,-108,-113,-76,-77,-61,-68,-62,-75,-91,-221,-221,-196,-147,-260,-260,-258,-262,-331,-317,-483,-487,-487,-485,-480,-484,-484,-314,-481,-481,-481,-451,-480,-473,-434,-434,-427,-358,-980,-798]} 1. e4 d6 2. d4 Nf6 3. Nc3 e5 4. dxe5 dxe5 5. Qxd8+ Kxd8 6. Bc4 Ke8 {B07: Pirc Defence: Miscellaneous Systems.} 7. f4 Bb4 8. Bd3 Nc6 {White is slightly better.} 9. Nf3 Be6 {[#]} 10. f5 $146 (10. a3 $14 Bc5 11. h3 (11. Nxe5 Nxe5 12. fxe5 Ng4 $14) (11. fxe5 Ng4 $16)) ({Predecessor:} 10. Bd2 exf4 11. Bxf4 Rc8 12. Bd2 Nd7 13. a3 Bd6 14. Ng5 Nde5 15. Nxe6 fxe6 16. Be2 {1-0 (64) Ponkratov,P (2630)-Bocharov,D (2533) St Petersburg 2018}) 10... Bxf5 $11 11. exf5 e4 12. Bb5 {[#] And now Ne5 would win.} exf3 13. gxf3 Kf8 14. Bxc6 bxc6 15. Bd2 Re8+ 16. Kf1 Re5 17. a3 Bd6 18. Kg2 Rxf5 19. Rhe1 h5 20. Ne4 Nxe4 21. Rxe4 f6 22. Ra4 Kf7 23. Re1 Rd8 24. Re2 Bc5 25. Rc4 Rd4 26. Rxd4 Bxd4 $15 {[%mdl 4096] Endgame KRB-KRB} 27. Re4 {This costs White the game.} (27. c3 $17 Be5 28. h3) 27... Bxb2 $19 28. Ra4 Rd5 29. Bf4 (29. Be3 $17) 29... Rd4 30. Rxd4 Bxd4 31. Bxc7 {KB-KB} Ke6 32. c4 (32. h3 $142) 32... Be5 33. Ba5 Bb2 34. Bb4 Ke5 35. Bc5 a6 36. Kf1 (36. a4 $142) 36... Bd4 37. Bf8 g6 38. Ke2 Ke6 39. h3 Be5 40. Bh6 g5 41. Kd3 $2 {[#]} (41. h4) 41... Bd6 {Accuracy: White = 53%, Black = 88%.} 0-1

[Event "HUN-ch Rapid 2020"]
[Site "Ajka"]
[Date "2020.07.19"]
[Round "12.10"]
[White "Czebe, Attila"]
[Black "Csonka, Balazs"]
[Result "0-1"]
[WhiteElo "2378"]
[BlackElo "2498"]
[Annotator "TA"]
[PlyCount "170"]
[EventDate "2020.07.17"]
[EventType "rapid"]
[EventCountry "HUN"]
[SourceTitle "playchess.com"]
[Source "ChessBase"]
[SourceQuality "1"]

{[%evp 18,170,0,0,10,0,0,0,0,0,2,0,0,-14,1,-63,0,-6,2,-31,-26,-22,-25,-12,-13,-14,-22,-59,-58,-67,-18,-33,0,0,0,0,0,0,0,-7,0,0,0,-10,0,0,32,27,38,20,39,33,49,52,14,23,38,37,78,68,66,62,85,56,50,62,66,47,62,0,0,0,46,0,105,8,41,0,0,0,0,0,0,0,0,0,0,0,0,0,0,0,0,0,0,0,0,0,0,0,0,0,148,70,968,946,29968,29968,29969,29970,29970,29971,29970,29971,29970,29971,29971,29971,5242,2260,12792,0,0,-29966,-29968,-29968,-29968,-29958,-29959,-29970,-29971,-29970,0,0,0,0,0,0,0,-564,-550,-29971,-29974,-29974,-29975,-29975,-29976,-29975,-29976,-29977,-29978,-29981,-29982,-29982,-29981]} 1. Nf3 Nf6 2. g3 d5 3. Bg2 e6 4. O-O Be7 5. b3 O-O 6. Bb2 c5 7. c4 b6 8. e3 Nc6 9. Nc3 Ba6 10. d3 Qd7 {A14: English Opening: 1...e6 with b3 by White.} 11. Qe2 Rac8 12. Rfd1 Rfd8 {The position is equal.} 13. Rac1 Qb7 14. Qc2 Qb8 {[#]} 15. a3 $146 ({Predecessor:} 15. Bh3 h6 {½-½ (14) Cekro,E (2419)-Gavric,M (2380) Neum 2002}) 15... h6 16. Qb1 (16. cxd5 $11 Nxd5 17. Nxd5 Rxd5 18. Ne1) 16... dxc4 (16... d4 $15 17. exd4 Nxd4) 17. dxc4 Bb7 18. Ne2 Na5 19. Bc3 Qa8 20. Ne1 Bxg2 21. Nxg2 Ne4 22. h4 Nxc3 23. Nxc3 Nc6 24. Ne1 Bf6 25. Ne4 Ne5 26. Nxf6+ gxf6 27. Qc2 Kg7 28. Qe2 Rxd1 29. Rxd1 Rd8 30. f3 a6 31. Kf2 b5 32. Rxd8 Qxd8 33. f4 Nc6 34. cxb5 axb5 35. Qxb5 Qd2+ 36. Qe2 Qc1 $1 37. a4 Qa3 38. Qg4+ Kf8 39. Qd1 $1 {[%cal Rd1d6] Black must now prevent Qd6+.} Nb4 40. Nd3 c4 $1 41. Nxb4 Qxb4 42. bxc4 Qxc4 $14 {[%mdl 4096] Endgame KQ-KQ} 43. Qd4 (43. Qd8+ $14 Kg7 44. a5) 43... Qc2+ $11 44. Kf3 Qc6+ 45. e4 Kg7 (45... f5 $11) 46. a5 ({White should try} 46. Kg4 $1 $16) 46... Qb5 47. Qc3 Qf1+ 48. Ke3 $1 (48. Kg4 {leads to mate.} h5+ $1 {[%mdl 512]} 49. Kxh5 Qd1+ 50. g4 Qd8 51. Qc8 Qxc8 52. g5 f5 53. exf5 exf5 54. g6 fxg6+ 55. Kg5 Qd8#) 48... Qg1+ 49. Kd2 Qg2+ 50. Kc1 Qxe4 51. Kb2 Qa4 52. Qc5 Qe4 53. Qc3 Qa4 54. h5 Qb5+ 55. Ka3 Qxh5 56. Kb4 Qe2 57. Qc4 Qe1+ (57... Qd2+ $11 58. Kb5 Qd7+ 59. Kc5 Qa7+ 60. Kb4 Qb7+ 61. Kc5 Qa7+ 62. Kb5 Qb7+ 63. Ka4 Qd7+ 64. Kb3 Qd1+ 65. Kb4 Qd6+ 66. Qc5 Qd2+ 67. Qc3 Qd6+ 68. Kb5 Qd5+ 69. Qc5 Qd3+ 70. Qc4 Qd7+ 71. Kc5 Qa7+) 58. Kb5 $16 Qxg3 59. a6 {[%cal Ba5a6,Ba6a7][%mdl 32]} Qe3 60. Qc5 {[%mdl 1024] White has strong compensation.} Qb3+ 61. Kc6 Qb8 62. a7 Qc8+ 63. Kb6 Qd8+ 64. Qc7 Qd4+ 65. Kb7 Qb4+ 66. Qb6 Qe7+ 67. Kc6 Qe8+ 68. Kd6 e5 {[#]} 69. f5 $2 ({Better is} 69. Qb7 $1 $18 {[%mdl 512]} Qd8+ 70. Kc6) 69... e4 $1 $11 {[%cal Re4e3] Strongly threatening ...e3.} 70. Qc6 $2 {[%mdl 8192]} (70. Qa6 $11 Qe5+ 71. Kc6 Qc3+ 72. Kb7 Qb4+ 73. Qb6 Qe7+ 74. Qc7 Qb4+ 75. Kc8 (75. Qb6 Qe7+ 76. Qc7 Qb4+ 77. Qb6 $14)) 70... Qe5+ {[%mdl 64] Double Attack} 71. Kd7 Qd4+ {[%mdl 64] Double Attack} 72. Ke8 Qxa7 73. Qxe4 Qb8+ 74. Kd7 Qe5 $2 (74... Qg3 {mates} 75. Qe2 Qg5 76. Qf2 h5 77. Qh2 h4 78. Qd6 Qxf5+ 79. Kd8 Qa5+ 80. Kd7 Qf5+ 81. Kd8 Qg5 82. Qc6 h3 83. Qd6 Qa5+ 84. Kd7 Qe5 85. Qd1 h2 86. Qf3 Qd4+ 87. Kc7 Qg1 88. Qh3 h1=Q 89. Qxh1 Qxh1 90. Kd6 f5 91. Kc5 Qe4 92. Kb5 f4 93. Kc5 f3 94. Kb6 f2 95. Kc7 f1=Q 96. Kd7 Qb5+ 97. Kc8 Qee8+ 98. Kc7 Qed7#) 75. Qg2+ $1 Kf8 (75... Kh7 $5 76. Qf3 $8 Kg8 77. Qa8+ Kh7 $11) 76. Qa8+ Kg7 77. Qg2+ Kh7 (77... Kf8 $5 78. Qa8+ $8 Kg7 79. Qg2+ $11) 78. Qg4 $2 {[%mdl 8192]} (78. Qf3 $11 {and White is okay.}) 78... Qe3 $19 79. Qc4 Kg7 {Black mates.} 80. Qg4+ Qg5 81. Qe4 h5 82. Ke8 Qg4 83. Qc2 h4 84. Qc7 Qe4+ 85. Kd8 Qd5+ {Never resign too early! Accuracy: White = 77%, Black = 81%.} 0-1

[Event "HUN-ch Rapid 2020"]
[Site "Ajka"]
[Date "2020.07.19"]
[Round "12.11"]
[White "Meszaros, Tamas"]
[Black "Nagy, Gabor"]
[Result "0-1"]
[WhiteElo "2378"]
[BlackElo "2489"]
[Annotator "TA"]
[PlyCount "60"]
[EventDate "2020.07.17"]
[EventType "rapid"]
[EventCountry "HUN"]
[SourceTitle "playchess.com"]
[Source "ChessBase"]
[SourceQuality "1"]

{[%evp 10,60,37,34,35,37,35,40,33,0,-11,-6,-25,-40,-41,-35,-29,-326,-308,-404,-412,-424,-422,-432,-364,-357,-357,-348,-352,-447,-414,-427,-424,-507,-414,-483,-474,-474,-472,-520,-520,-511,-503,-517,-512,-539,-539,-575,-571,-654,-568,-541,-504]} 1. e4 c5 2. Nf3 Nc6 3. Bb5 Na5 4. c3 a6 5. Ba4 b5 6. Bc2 Bb7 {B30: Sicilian: 2...Nc6 3 Bb5, lines without ...g6.} 7. O-O Nf6 8. Qe2 e6 {[#] White is slightly better.} 9. e5 $146 ({Predecessor:} 9. d4 cxd4 10. cxd4 Be7 11. Nc3 Rc8 12. a3 d5 13. e5 Nd7 14. Ne1 Qb6 15. Qg4 {½-½ (76) Jakic,I (2409)-Sale,S (2419) Makarska 2013}) 9... Nd5 10. d4 cxd4 11. cxd4 Rc8 12. Be4 Be7 13. Nc3 $2 {[%mdl 8192] [#]} (13. b3 $11 {and White stays safe.}) 13... Rxc3 $1 $19 14. bxc3 Nxc3 {[%mdl 64] Double Attack, Discovered Attack} 15. Qd3 {Threatens to win with Bxb7.} Nxe4 16. Ne1 {If White can now play f3 this consolidates a bit.} f5 17. f3 Ng5 18. Nc2 O-O 19. Ne3 Nc6 {[%cal Ba5c6,Bc6b4,Bb4d5,Bd5e3][%mdl 32]} 20. Bb2 Nb4 21. Qb3 Nd5 22. a4 Nxe3 {Black is clearly winning.} 23. Qxe3 b4 24. a5 Bd5 25. Rfc1 Nf7 26. Rc2 h6 27. Bc1 Qa8 28. Rb1 Nd8 29. Rc7 Nc6 30. Rxd7 Qc8 {White did not feel at home in the position after the opening. Accuracy: White = 45%, Black = 100%.} 0-1

[Event "HUN-ch Rapid 2020"]
[Site "Ajka"]
[Date "2020.07.19"]
[Round "12.12"]
[White "Almasi, Zoltan"]
[Black "Karacsonyi, Gellert"]
[Result "1-0"]
[WhiteElo "2687"]
[BlackElo "2292"]
[Annotator "TA"]
[PlyCount "73"]
[EventDate "2020.07.17"]
[EventType "rapid"]
[EventCountry "HUN"]
[SourceTitle "playchess.com"]
[Source "ChessBase"]
[SourceQuality "1"]

{[%evp 22,73,10,0,18,2,0,0,21,22,38,23,21,33,32,25,32,27,60,50,43,37,29,0,15,0,48,45,204,71,189,182,341,205,200,0,189,189,189,189,189,189,189,182,182,182,275,263,379,372,577,552,530,360]} 1. Nf3 c5 2. c4 Nc6 3. Nc3 g6 4. g3 Bg7 5. Bg2 d6 6. O-O e5 7. d3 Nge7 8. a3 O-O 9. Rb1 a5 10. Ne1 Be6 11. Bg5 f6 12. Bd2 f5 {A37: Symmetrical English vs ...g6: 4 Bg2 Bg7 5 Nf3.} 13. Bg5 Qd7 14. Bxe7 Qxe7 {The position is equal.} 15. Nc2 {[#]} f4 $146 ({Predecessor:} 15... Kh8 16. b4 axb4 17. axb4 e4 18. Nd5 Bxd5 19. cxd5 Nxb4 20. Nxb4 cxb4 21. dxe4 fxe4 22. Rxb4 Ra1 23. Rb1 Ra2 {½-½ (46) Jones,G (2643)-Gretarsson,H (2511) Helensburgh 2013}) 16. Nd5 Qf7 17. b4 axb4 18. axb4 cxb4 19. Ndxb4 Nxb4 20. Nxb4 Rab8 21. Nd5 b5 $1 22. Qb3 Rfc8 $1 23. Nc3 fxg3 (23... Bf8 $5 {[%cal Rb5c4]}) 24. hxg3 Qd7 $2 {[#]} ({Better is} 24... Bf8 $14) 25. Nxb5 (25. Bd5 $1 $18) 25... Kh8 (25... d5 $16 {is a better defense.}) 26. Qa3 $18 Rc5 $2 (26... Bf8 {keeps fighting.}) 27. Nc3 Rcc8 28. Nb5 $2 (28. Bd5 $18) 28... d5 $2 (28... Rc5 $1 $11 {and Black stays safe.}) 29. cxd5 Bxd5 30. Bxd5 Qxd5 {[#]} 31. Nc3 $1 $36 {[%cal Rc3d5][%mdl 2048] White is really pushing.} Qe6 32. Rxb8 Rxb8 33. Ne4 h5 (33... Qb3 $142 34. Qxb3 Rxb3) 34. Kg2 Bf6 (34... Qd7 $142 35. Qa6 Kh7) 35. Qa7 Rf8 (35... Re8 {was necessary.} 36. Rb1 Be7) 36. Rb1 Rf7 {[#]} 37. Rb6 $1 {Accuracy: White = 73%, Black = 42%.} 1-0